000 nam a22 a 4500
999 _c3489
_d3489
003 BLK
005 20221103082510.0
008 180412b bul|||||r ||||||| ||bul||
010 _aKNG00004581000
040 _aBLK
041 _aBUL
_cBUL
080 _aПриложно изкуство. Художествени занаяти. Интериор. Дизайн. Играчки. Худож. пространствено оформление
_b745/749
_x(497.2)
_z745/749(497.2)
100 1 _aСлавов, Атанас
_eпърви автор
_9242484
139 _aСлавов, Атанас
_bС 43
245 1 0 _aТрадиции и перспективи на българското приложно изкуство
_bМоногр.
_cАтанас Славов.
257 _aBGR
260 _bБълг. художник
_c1975
_aСофия
300 _a216 с.
_bс ил.
_c24 см
380 _a7
500 _aОфс. изд. - Библиогр. с. 212-214. - 2 120 тир.
504 _a212-214
650 4 _aПриложно и декоративно изкуство - България
_9247366
651 4 _aБългария
_9241624
653 _aприложни изкуства
653 _aдекоративно изкуство
852 _aЦб 78686
_bЦб
856 4 _qpdf
_u
_i0.00
_ldisable
856 4 _qpdf
_u
_i0.00
_ldisable
942 _cKNG
_n0
_01
_s1
944 _aCR
_c26.06.2009
_lф /
_kЛюдмила_Стоянова
944 _aED
_c07.06.2012
_lф /
944 _aED
_c2022-11-03
_l2022-11-03
999 _d3489